Immigrant Life in the U.S. : Multi-disciplinary Perspectives /

Obra sobre inmigración en Estados Unidos que aborda temas de nacionalidad y ciudadanía bajo tres ejes: 1.- Cómo los inmigrantes negocian su identidad y sentido de pertenencia con los ciudadanos americanos; 2.- La situación de los inmigrantes a partir del contexto escolar, familiar y cultural que for...

Celý popis

Uloženo v:
Podrobná bibliografie
Hlavní autor: Gabaccia, Donna R. (ed.)
Další autoři: Leach, Colin Wayne (edición) (edición)
Médium: Kniha
Jazyk:angličtina
Vydáno: Nueva York, EUA : Routledge, 2004, c2004
Edice:(Routdledge Advances in Sociology)
Témata:
Tagy: Přidat tag
Žádné tagy, Buďte první, kdo vytvoří štítek k tomuto záznamu!

MARC

LEADER 00000nam^a2200000^a^4500
001 000183264
005 20250521000000.0
009 20260526130306.146
020 |a 0-415-30600-0 
037 |a Acervo ITESO - Biblioteca 
041 |a ING 
082 |a 304. 80973  |b GAB 
100 |a Gabaccia, Donna R.  |e (ed.) 
245 1 0 |a Immigrant Life in the U.S. :  |b Multi-disciplinary Perspectives /  |c Ed. de D.R. Gabaccia, C.W. Leach 
264 4 |a Nueva York, EUA :  |b Routledge,  |c 2004, c2004 
300 |a XII, 240 p. 
336 |a texto  |b txt  |2 rdacontenido 
337 |a sin mediación  |b n  |2 rdamedio 
338 |a volumen  |b nc  |2 rdasoporte 
440 1 |a (Routdledge Advances in Sociology) 
520 |a Obra sobre inmigración en Estados Unidos que aborda temas de nacionalidad y ciudadanía bajo tres ejes: 1.- Cómo los inmigrantes negocian su identidad y sentido de pertenencia con los ciudadanos americanos; 2.- La situación de los inmigrantes a partir del contexto escolar, familiar y cultural que forma o desarrolla sus identidades; 3.- Condiciones de trabajo y problemas de empleo que tienen los inmigrantes. 
649 |a XX 
650 |a Migrantes -  |z EUA -  |x Condiciones Sociales y Culturales 
650 |a Razas -  |z EUA -  |x Condiciones Sociales y Culturales 
650 |a Minorías -  |z EUA -  |x Condiciones Sociales y Culturales 
650 |a Inmigración -  |z EUA 
650 |a Identidad Cultural -  |z EUA 
650 |a Identidad Nacional -  |z EUA 
650 |a Diversidad Cultural -  |z EUA 
650 |a Diferencia y Otredad -  |z EUA 
650 |a Educación -  |z EUA 
650 |a Educación Intercultural -  |z EUA 
650 |a Trabajo Doméstico -  |z EUA 
650 |a Trabajo Migratorio -  |z EUA 
650 |a Mercado de Trabajo -  |z EUA 
650 |a Marginación -  |z EUA 
650 |a Racismo -  |z EUA 
650 |a Integración Social -  |z EUA 
650 |a Adaptación Social -  |z EUA 
650 |a Aculturación -  |z EUA 
650 |a Cambios Sociales y Culturales -  |z EUA 
650 |a Prácticas Culturales -  |z EUA 
650 |a Problemas Sociales -  |z EUA 
650 |a Política Social -  |z EUA 
650 |a EUA -  |x Condiciones Sociales y Culturales 
650 |a EUA -  |x Condiciones Políticas 
700 |a Leach, Colin Wayne  |e (edición) 
910 |a Fondo General 
920 |a Impresos - Libros 
930 |a Colección General 
905 |a 101 
901 |a 0500123188  |b IT1  |c ACC  |u 20250521 
902 |a https://opac.biblio.iteso.mx/vufind/Record/000183264